Perfiles y tendencias de la Cuenca del Pacífico: una visión desde Chile

Uloženo v:
Podrobná bibliografie
Hlavní autoři: Acuña E., Hernán (Autor), Fábrega, A. J (Autor)
Médium: Kniha
Jazyk:španělština
Vydáno: Santiago ODEPLAN 1990
Témata:
Tagy: Přidat tag
Žádné tagy, Buďte první, kdo vytvoří štítek k tomuto záznamu!

MARC

LEADER 00000nam a2200000 a 4500
001 UCX6576
003 CL-VaPUC
008 930728e19900000CL |||||||||||||||||spa|d
082 0 4 |a 327.1  |b ACU  |2 21 
100 0 |a Acuña E., Hernán  |e author  |9 323138 
700 0 |a Fábrega, A. J  |e author  |9 323139 
245 1 0 |a Perfiles y tendencias de la Cuenca del Pacífico: una visión desde Chile 
300 |a 196 p 
942 |c BK 
945 |d 19930728 00:00:00 
260 |a Santiago  |b ODEPLAN  |c 1990 
650 7 |a COOPERACION EN LA REGION DEL PACIFICO ASPECTOS ESTRATEGICOS  |2 CL-VaPUC  |9 323140 
650 7 |a SITUACION INTERNACIONAL  |2 CL-VaPUC  |9 259074 
651 7 |a PAISES DEL PACIFICO  |2 CL-VaPUC  |9 323141 
583 |a last modification  |c 19930728 00:00:00  |k Rodrigo Vera 
999 |c 226574  |d 226572 
952 |0 0  |1 0  |4 0  |6 327_100000000000000_ACU_1990  |7 0  |8 A  |9 225066  |a BIBENE  |b BIBENE  |d 2019-11-15  |i 2937689  |o 327.1 ACU 1990  |p 2937689  |r 2025-01-15  |w 2019-11-15  |y BK  |k ICO